Featuring du rap fr - Statistiques

Statistiques générales
  • Ce quiz a été pris 127 fois
  • Le résultat moyen est 3 sur 20
Statistiques - réponses
Artiste 1 Artiste 2 Titre % Correct
Niska Ninho Mechant
48%
Damso Hamza Bxl zoo
47%
Sdm Plk Jack fuego
47%
Niro Ninho Kim jong il
47%
Lacrim Booba Oh bah oui
42%
Luv resval Alkpote Celebration
23%
Zamdane Dinos Boyka
17%
Booba Sfera ebbasta Telephone
15%
Guy2bezbar Zkr Baltimore
14%
Monsieur nov Josman Dernier je t’aime
10%
Laylow Jok’air Gogo
8%
Kerchak Alonzo Salement
7%
Tovaritch Kalash criminel Street fight
5%
Georgio Spri noir Full moon
3%
Sinik Diam’s Le meme sang
3%
Jnr Gradur Recette
2%
Tiitof Landy Bagay bel
1%
Sefyu Kuamen La vie qui va avec
1%
Nessbeal Le rat luciano Les anges aux visages sales
1%
Kalash Crayon Bad gyal
0%
Aucun quiz correspondant
Distribution des résultats
% des personnes avec chaque résultat
Percentile par nombre de réponses
Votre historique - résultats
Vous n’avez pas pris ce quiz